000 01254nam0a22003131 4500
001 RU\NLR\BIBL_A\022492559
005 20250806203547.0
035 _a(NLR Aleph) 022492559
090 _a85278
_c85278
100 _a20250310d1941 c y0rusy50 ca
101 1 _abel
_crus
102 _aBY
105 _ay z 000ay
181 0 _ai
_baxxe
182 0 _an
200 1 _aАпавяданні пра Леніна
_e[для дашкольнага ўзросту]
_fМ. Зошчанка
_gпераклад з рускай мовы О. Зубко
203 _aТекст
_bвизуальный
_cнепосредственный
210 _aМінск
_cДзяржаўнае выд-ва пры СНК БССР, Рэдакцыя дзіцячай літаратуры
_d1941
215 _a76 с.
_cил.
_d21
517 1 _6z77790
_aРаcсказ о Ленине
_zrus
790 1 _6z77517
_aЗощенко
_bМ. М.
_f1894-1958
_gМихаил Михайлович
_3RU\NLR\AUTH\7710334
852 _aNLR
_jДл02 Г-3/118
899 _aНБ Беларуси
942 _cBOOK
945 _aРоссийская национальная библиотека
980 _aBV
980 _aBEL